[Event "WchT Seniors 65"]
[Site "Prague"]
[Date "2020.03.11"]
[Round "6.1"]
[White "Fleuch, Hans Juergen"]
[Black "Niebuhr, Gerd"]
[Result "1/2-1/2"]
[WhiteElo "1948"]
[BlackElo "1927"]
[PlyCount "23"]
[EventDate "2020.03.06"]
[EventType "team-swiss"]
[EventRounds "7"]
[EventCountry "CZE"]
[SourceTitle "CBM 195 Extra"]
[Source "ChessBase"]
[SourceDate "2020.05.31"]
[SourceVersion "1"]
[SourceVersionDate "2020.05.31"]
[SourceQuality "1"]
[WhiteTeam "Germany 65 X"]
[BlackTeam "Germany 65 XI"]
[WhiteTeamCountry "GER"]
[BlackTeamCountry "GER"]

1. Nf3 Nf6 2. d4 g6 3. e3 Bg7 4. Bd3 d5 5. Nbd2 c5 6. c3 Nbd7 7. 0-0 0-0 8. b3 Qc7 9. Bb2 e5 10. dxe5 Nxe5 11. Nxe5 Qxe5 12. Nf3 1/2-1/2

[Event "WchT Seniors 65"]
[Site "Prague"]
[Date "2020.03.09"]
[Round "4.24"]
[White "Niebuhr, Gerd"]
[Black "Farrand, Julian"]
[Result "0-1"]
[WhiteElo "1927"]
[BlackElo "1942"]
[PlyCount "30"]
[EventDate "2020.03.06"]
[EventType "team-swiss"]
[EventRounds "7"]
[EventCountry "CZE"]
[SourceTitle "CBM 195 Extra"]
[Source "ChessBase"]
[SourceDate "2020.05.31"]
[SourceVersion "1"]
[SourceVersionDate "2020.05.31"]
[SourceQuality "1"]
[WhiteTeam "Germany 65 XI"]
[BlackTeam "England 65 II"]
[WhiteTeamCountry "GER"]
[BlackTeamCountry "ENG"]

1. d4 d6 2. Nf3 f5 3. g3 Nf6 4. Bg2 g6 5. Nbd2 Bg7 6. c3 0-0 7. b4 Kh8 8. 0-0 Qe8 9. Qc2 a5 10. Bb2 e5 11. dxe5 dxe5 12. c4 f4 13. Ne4 Bf5 14. Nh4 Nxe4 15. bxa5 Nxg3 0-1

[Event "MVP-ch Seniors op 19th"]
[Site "Ostseebad Binz"]
[Date "2019.12.05"]
[Round "9"]
[White "Niebuhr, Gerd"]
[Black "Hansch, Klaus Michael"]
[Result "1/2-1/2"]
[WhiteElo "1941"]
[BlackElo "1853"]
[PlyCount "39"]
[EventDate "2019.11.27"]
[EventType "swiss"]
[EventRounds "9"]
[EventCountry "GER"]
[SourceTitle "EXT 2021"]
[Source "ChessBase"]
[SourceDate "2020.10.23"]
[SourceVersion "1"]
[SourceVersionDate "2020.10.23"]
[SourceQuality "1"]

1. d4 Nf6 2. c4 c5 3. d5 b5 4. cxb5 a6 5. Nc3 axb5 6. e4 d6 7. Bxb5+ Bd7 8. Qe2 Bxb5 9. Qxb5+ Nbd7 10. Nf3 g6 11. 0-0 Bg7 12. h3 0-0 13. Bf4 Rb8 14. Qe2 Nh5 15. Bg5 h6 16. Bc1 Qa5 17. g4 Nhf6 18. Nd2 Nh7 19. Nc4 Qc7 20. Bd2 1/2-1/2

[Event "MVP-ch Seniors op 19th"]
[Site "Ostseebad Binz"]
[Date "2019.12.04"]
[Round "8"]
[White "Rollwitz, Juergen"]
[Black "Niebuhr, Gerd"]
[Result "1/2-1/2"]
[WhiteElo "1872"]
[BlackElo "1941"]
[PlyCount "23"]
[EventDate "2019.11.27"]
[EventType "swiss"]
[EventRounds "9"]
[EventCountry "GER"]
[SourceTitle "EXT 2021"]
[Source "ChessBase"]
[SourceDate "2020.10.23"]
[SourceVersion "1"]
[SourceVersionDate "2020.10.23"]
[SourceQuality "1"]

1. d4 Nf6 2. Nf3 g6 3. e3 Bg7 4. Bd3 c5 5. Nbd2 d5 6. b3 Nc6 7. Bb2 0-0 8. 0-0 Nb4 9. dxc5 Qc7 10. a3 Nxd3 11. cxd3 Qxc5 12. b4 1/2-1/2

[Event "MVP-ch Seniors op 19th"]
[Site "Ostseebad Binz"]
[Date "2019.12.01"]
[Round "5"]
[White "Niebuhr, Gerd"]
[Black "Mayeres, Hans Christian"]
[Result "1/2-1/2"]
[WhiteElo "1941"]
[BlackElo "1803"]
[PlyCount "39"]
[EventDate "2019.11.27"]
[EventType "swiss"]
[EventRounds "9"]
[EventCountry "GER"]
[SourceTitle "EXT 2021"]
[Source "ChessBase"]
[SourceDate "2020.10.23"]
[SourceVersion "1"]
[SourceVersionDate "2020.10.23"]
[SourceQuality "1"]

1. d4 Nf6 2. c4 g6 3. f3 Bg7 4. e4 d6 5. Nc3 0-0 6. Bg5 Nbd7 7. Qd2 c5 8. Nge2 a6 9. d5 Qa5 10. Nc1 Rb8 11. a3 Kh8 12. Be2 Ng8 13. Nb3 Qb6 14. Qc2 Ne5 15. 0-0 h6 16. Be3 Bd7 17. Nd2 Qc7 18. b4 b5 19. bxc5 dxc5 20. Rab1 1/2-1/2

[Event "GER-ch Seniors 65 31st"]
[Site "Radebeul"]
[Date "2019.05.01"]
[Round "6"]
[White "Walther, Reinhard"]
[Black "Niebuhr, Gerd"]
[Result "0-1"]
[WhiteElo "2042"]
[BlackElo "1899"]
[PlyCount "110"]
[EventDate "2019.04.26"]
[EventType "swiss"]
[EventRounds "9"]
[EventCountry "GER"]
[SourceTitle "CBM 190 Extra"]
[Source "ChessBase"]
[SourceDate "2019.07.15"]
[SourceVersion "1"]
[SourceVersionDate "2019.07.15"]
[SourceQuality "1"]

1. d4 Nf6 2. Bg5 Ne4 3. Bf4 d5 4. f3 Nf6 5. e4 c5 6. e5 Nfd7 7. c3 Nc6 8. Bb5 Qb6 9. Bxc6 bxc6 10. b3 e6 11. Ne2 Ba6 12. 0-0 cxd4 13. Rf2 dxc3 14. Nd4 c5 15. Nxc3 cxd4 16. Na4 Qb5 17. Qxd4 Ba3 18. Rc2 0-0 19. Rc7 Rfc8 20. Nc3 Qb6 21. Qxb6 Nxb6 22. Rxc8+ Rxc8 23. Nd1 d4 24. Nf2 Nd5 25. Bg3 Rc1+ 26. Rxc1 Bxc1 27. Ne4 d3 28. Be1 Be3+ 29. Kh1 f5 30. Nd2 Nb4 31. Nf1 Nc2 32. Bd2 f4 33. g3 g5 34. Kg2 Kf7 35. h4 h6 36. hxg5 hxg5 37. Kh3 Bxd2 38. Nxd2 fxg3 39. Kxg3 Nb4 40. a4 Nd5 41. Kf2 Kg6 42. Ne4 Kf5 43. Ke1 Kxe5 44. Nxg5 Nf4 45. Kd2 Kd4 46. Nf7 Bb7 47. Nd6 Bc6 48. a5 a6 49. b4 Bxf3 50. b5 Kc5 51. Nf7 Kxb5 52. Ne5 Be4 53. Ke3 Ng6 54. Ng4 Bf5 55. Nf2 Kxa5 0-1

[Event "MVP-ch Seniors op 18th"]
[Site "Ostseebad Binz"]
[Date "2018.11.29"]
[Round "2"]
[White "Maczollek, Helmut"]
[Black "Niebuhr, Gerd"]
[Result "0-1"]
[WhiteElo "1591"]
[BlackElo "1913"]
[PlyCount "62"]
[EventDate "2018.11.28"]
[EventType "swiss"]
[EventRounds "9"]
[EventCountry "GER"]
[SourceTitle "CBM 188 Extra"]
[Source "ChessBase"]
[SourceDate "2019.02.26"]
[SourceVersion "1"]
[SourceVersionDate "2019.02.26"]
[SourceQuality "1"]

1. Nf3 Nf6 2. d4 g6 3. Nbd2 d5 4. e3 Bg7 5. Bd3 c5 6. b3 0-0 7. Bb2 Nfd7 8. 0-0 Nc6 9. a3 e5 10. dxe5 Ndxe5 11. Nxe5 Nxe5 12. Bxe5 Bxe5 13. Rb1 Qe7 14. h3 Be6 15. Nf3 Bf6 16. c4 Rfd8 17. Qe2 Rd7 18. cxd5 Bxd5 19. Bc4 Bc6 20. Rfd1 Rad8 21. Bb5 Bxb5 22. Rxd7 Qxd7 23. Qc2 Bd3 24. Qd1 Bxb1 25. Qxb1 Qd1+ 26. Qxd1 Rxd1+ 27. Kh2 Rd3 28. b4 cxb4 29. axb4 Rb3 30. e4 Rxb4 31. e5 Bd8 0-1

[Event "MVP-ch Seniors op 17th"]
[Site "Binz"]
[Date "2017.12.06"]
[Round "8.29"]
[White "Niebuhr, Gerd"]
[Black "Jung, Werner"]
[Result "1/2-1/2"]
[WhiteElo "1938"]
[BlackElo "1998"]
[PlyCount "67"]
[EventDate "2017.11.29"]
[EventType "swiss"]
[EventRounds "9"]
[EventCountry "GER"]
[SourceTitle "EXT 2019"]
[Source "ChessBase"]
[SourceDate "2018.10.10"]
[SourceVersion "1"]
[SourceVersionDate "2018.10.10"]
[SourceQuality "1"]

1. d4 e6 2. c4 f5 3. Nf3 Nf6 4. g3 g6 5. Bg2 Bg7 6. 0-0 0-0 7. Nc3 d6 8. Qc2 c6 9. e4 Qc7 10. exf5 exf5 11. c5 Nh5 12. Ne2 dxc5 13. dxc5 Na6 14. Nf4 Nf6 15. Ng5 Qe7 16. Be3 Ng4 17. Qb3+ Kh8 18. Nge6 Nxe3 19. Nxf8 Nxc5 20. N8xg6+ hxg6 21. Qxe3 Qxe3 22. fxe3 g5 23. Ng6+ Kh7 24. Ne7 Bxb2 25. Rab1 Ba3 26. Nxc8 Rxc8 27. Rxf5 Kg6 28. Rff1 Re8 29. e4 Nd3 30. Rf3 Bc5+ 31. Kf1 Ne5 32. Rf5 b6 33. Ke2 Bd4 34. Rbf1 1/2-1/2

[Event "MVP-ch Seniors op 17th"]
[Site "Binz"]
[Date "2017.12.05"]
[Round "7.21"]
[White "Knaak, Joachim"]
[Black "Niebuhr, Gerd"]
[Result "1-0"]
[WhiteElo "2159"]
[BlackElo "1938"]
[PlyCount "61"]
[EventDate "2017.11.29"]
[EventType "swiss"]
[EventRounds "9"]
[EventCountry "GER"]
[SourceTitle "EXT 2019"]
[Source "ChessBase"]
[SourceDate "2018.10.10"]
[SourceVersion "1"]
[SourceVersionDate "2018.10.10"]
[SourceQuality "1"]

1. d4 Nf6 2. c4 e5 3. dxe5 Ng4 4. Bf4 Nc6 5. Nf3 Bb4+ 6. Nc3 Bxc3+ 7. bxc3 Qe7 8. Qd5 f6 9. exf6 Nxf6 10. Qd3 d6 11. e3 0-0 12. Bg5 Ne5 13. Nxe5 dxe5 14. Be2 Be6 15. 0-0 Qc5 16. Bxf6 gxf6 17. Rab1 Rad8 18. Qc2 Bxc4 19. Bxc4+ Qxc4 20. Rxb7 Rf7 21. Rxa7 Rd3 22. Ra3 Rfd7 23. h3 Rd2 24. Qf5 Qc6 25. Rb3 Rg7 26. e4 Rd8 27. Rfb1 Rg5 28. Qf3 Rg6 29. Rb8 Qe8 30. Rxd8 Qxd8 31. Rd1 1-0

[Event "Daehne Cup Region 17/18 Vorrunde I+"]
[Site "Bissendorf"]
[Date "2017.09.15"]
[Round "4"]
[White "Burger, Jarl"]
[Black "Niebuhr, Gerd"]
[Result "0-1"]
[WhiteElo "1177"]
[BlackElo "1816"]
[PlyCount "52"]
[EventDate "2017.08.??"]
[EventType "swiss"]
[EventCountry "GER"]
[SourceTitle "EXT 2022"]
[Source "ChessBase"]
[SourceDate "2021.10.06"]
[SourceVersion "1"]
[SourceVersionDate "2021.10.06"]
[SourceQuality "1"]

1. e4 e5 2. Nf3 Nc6 3. Bc4 Nf6 4. d3 Be7 5. Nc3 d6 6. h3 a6 7. Be3 Na5 8. Bb3 Nxb3 9. axb3 c5 10. 0-0 0-0 11. Nd2 d5 12. Bg5 Be6 13. f4 dxe4 14. fxe5 Qd4+ 15. Kh1 Qxe5 16. Bxf6 Bxf6 17. Ncxe4 Be7 18. c3 Rad8 19. Nc4 Qd5 20. Rf3 f5 21. Nf2 Bh4 22. Qe2 Bf6 23. Ra5 Bc8 24. b4 Rfe8 25. Qd2 Qxc4 26. dxc4 Rxd2 0-1

[Event "Daehne Cup Region 17/18 Vorrunde I"]
[Site "Bissendorf"]
[Date "2017.08.18"]
[Round "1"]
[White "Niebuhr, Gerd"]
[Black "Nagel, Detlev"]
[Result "1-0"]
[WhiteElo "1816"]
[BlackElo "1544"]
[PlyCount "73"]
[EventDate "2017.08.18"]
[EventType "k.o."]
[EventCountry "GER"]
[SourceTitle "EXT 2022"]
[Source "ChessBase"]
[SourceDate "2021.10.06"]
[SourceVersion "1"]
[SourceVersionDate "2021.10.06"]
[SourceQuality "1"]

1. d4 d5 2. c4 Nf6 3. cxd5 Nxd5 4. Nf3 h6 5. e4 Nf6 6. Nc3 Bg4 7. Be3 Nbd7 8. e5 Nh7 9. h3 Bh5 10. g4 Bg6 11. Nh4 e6 12. Nxg6 fxg6 13. Bd3 Ng5 14. Bxg6+ Nf7 15. Qf3 Qe7 16. Qxb7 Rb8 17. Qxc7 Qb4 18. Rb1 Qb7 19. Qxb7 Rxb7 20. f4 Bb4 21. Ke2 Ke7 22. Be4 Rc7 23. d5 exd5 24. Nxd5+ Kd8 25. Nxb4 Rc4 26. Bd5 Rxb4 27. Bxf7 Ke7 28. e6 Re4 29. Rhd1 Rd8 30. Kf3 Rxe6 31. Bxe6 Kxe6 32. Rbc1 Rf8 33. Rc6+ Ke7 34. Rc7 Rd8 35. Bc5+ Ke8 36. Re1+ Kf7 37. Re7+ 1-0

[Event "MVP-ch Seniors op 16th"]
[Site "Binz"]
[Date "2016.11.25"]
[Round "3.55"]
[White "Niebuhr, Gerd"]
[Black "Narr, Irmgard"]
[Result "1-0"]
[WhiteElo "1919"]
[BlackElo "1687"]
[PlyCount "127"]
[EventDate "2016.11.23"]
[EventType "swiss"]
[EventRounds "9"]
[EventCountry "GER"]
[SourceTitle "EXT 2018"]
[Source "ChessBase"]
[SourceDate "2017.10.13"]
[SourceVersion "1"]
[SourceVersionDate "2017.10.13"]
[SourceQuality "1"]

1. d4 Nf6 2. c4 b6 3. Nc3 Bb7 4. Qc2 e6 5. e4 d6 6. Bd3 Be7 7. Nf3 c5 8. d5 e5 9. 0-0 0-0 10. Bd2 Re8 11. a3 Nbd7 12. g3 Nf8 13. Nh4 Ng6 14. Nf5 Bc8 15. b4 Qc7 16. bxc5 bxc5 17. Nb5 Qd8 18. Qa4 Bxf5 19. exf5 Nf8 20. f3 Qd7 21. Qc2 a6 22. Nc3 Reb8 23. Rab1 h6 24. Rb2 Rxb2 25. Qxb2 Qc7 26. Rb1 N6h7 27. Qb7 Qd8 28. Ne4 Ng5 29. Kf2 Nxe4+ 30. fxe4 Nh7 31. Ba5 Qe8 32. Bc2 Ng5 33. h4 Nh7 34. Qc6 Nf6 35. Rb7 Bf8 36. Ke3 Nh5 37. Ba4 Qc8 38. g4 Nf4 39. Kf3 Nd3 40. Qb6 Be7 41. Rxe7 Qf8 42. Rb7 Kh7 43. Qc7 Kg8 44. Bc6 Rc8 45. Qd7 Rb8 46. Bc7 Rxb7 47. Bxb7 g6 48. Bxd6 Qg7 49. Qd8+ Kh7 50. f6 Qg8 51. Qxg8+ Kxg8 52. Bxa6 g5 53. h5 Ne1+ 54. Ke2 Nc2 55. Bxc5 Na1 56. Bb5 Nb3 57. Bb6 Nc1+ 58. Ke3 Nb3 59. d6 Nd4 60. Bxd4 exd4+ 61. Kxd4 Kh8 62. d7 Kh7 63. Ke5 Kg8 64. d8Q+ 1-0

[Event "MVP-ch Seniors op 16th"]
[Site "Binz"]
[Date "2016.11.23"]
[Round "1.74"]
[White "Niebuhr, Gerd"]
[Black "Freerksen, Uwe"]
[Result "1-0"]
[WhiteElo "1919"]
[BlackElo "1505"]
[PlyCount "51"]
[EventDate "2016.11.23"]
[EventType "swiss"]
[EventRounds "9"]
[EventCountry "GER"]
[SourceTitle "EXT 2018"]
[Source "ChessBase"]
[SourceDate "2017.10.13"]
[SourceVersion "1"]
[SourceVersionDate "2017.10.13"]
[SourceQuality "1"]

1. d4 d5 2. c4 c6 3. Nf3 Nf6 4. Nc3 e6 5. e3 Nbd7 6. Bd3 Be7 7. 0-0 0-0 8. b3 h6 9. Bb2 Qc7 10. Rc1 Qd8 11. Qe2 Bd6 12. Rfd1 Bb8 13. e4 dxe4 14. Nxe4 Nxe4 15. Bxe4 Nf6 16. Bb1 Re8 17. Ne5 Bxe5 18. dxe5 Nd7 19. Rd3 a5 20. Rg3 Nf8 21. Rd1 Qc7 22. Rd4 Nh7 23. Rdg4 g5 24. Qe4 f5 25. exf6 e5 26. Qg6+ 1-0

[Event "WchT Seniors 65"]
[Site "Radebeul"]
[Date "2016.07.03"]
[Round "8.23"]
[White "Fenwick, Hugh"]
[Black "Niebuhr, Gerd"]
[Result "1/2-1/2"]
[WhiteElo "1912"]
[BlackElo "1931"]
[PlyCount "48"]
[EventDate "2016.06.26"]
[EventType "team-swiss"]
[EventRounds "9"]
[EventCountry "GER"]
[SourceTitle "CBM 173 Extra"]
[Source "ChessBase"]
[SourceDate "2016.08.29"]
[SourceVersion "1"]
[SourceVersionDate "2016.08.29"]
[SourceQuality "1"]
[WhiteTeam "England III"]
[BlackTeam "Niedersachsen Freibauer"]
[WhiteTeamCountry "ENG"]
[BlackTeamCountry "GER"]

1. c4 Nf6 2. g3 c5 3. Bg2 d5 4. cxd5 Nxd5 5. Nc3 Nc7 6. d3 e5 7. Nf3 Nc6 8. Be3 f6 9. Rc1 Rb8 10. Nd2 Bd7 11. Nce4 b6 12. Nc4 Qe7 13. Ned6+ Kd8 14. a4 Qe6 15. Ne4 h6 16. Bd2 f5 17. Nc3 Be7 18. e3 g5 19. Qf3 g4 20. Qe2 h5 21. h3 h4 22. hxg4 fxg4 23. gxh4 Rxh4 24. Rxh4 Bxh4 1/2-1/2

[Event "WchT Seniors 65"]
[Site "Radebeul"]
[Date "2016.07.02"]
[Round "7.19"]
[White "Niebuhr, Gerd"]
[Black "Harding, Timothy David"]
[Result "0-1"]
[WhiteElo "1931"]
[BlackElo "2001"]
[PlyCount "54"]
[EventDate "2016.06.26"]
[EventType "team-swiss"]
[EventRounds "9"]
[EventCountry "GER"]
[SourceTitle "CBM 173 Extra"]
[Source "ChessBase"]
[SourceDate "2016.08.29"]
[SourceVersion "1"]
[SourceVersionDate "2016.08.29"]
[SourceQuality "1"]
[WhiteTeam "Niedersachsen Freibauer"]
[BlackTeam "Ireland"]
[WhiteTeamCountry "GER"]
[BlackTeamCountry "IRL"]

1. d4 d5 2. c4 c6 3. Nf3 Nf6 4. Nc3 e6 5. e3 Nbd7 6. Bd3 dxc4 7. Bxc4 b5 8. Bb3 b4 9. Ne2 Bb7 10. 0-0 Bd6 11. Ng3 0-0 12. Qe2 c5 13. Rd1 Qb6 14. Bc4 a5 15. a4 Rfc8 16. b3 Bxg3 17. hxg3 Ne4 18. Bb2 Ba6 19. Rac1 Bxc4 20. Qxc4 Ndf6 21. dxc5 Qxc5 22. Qd4 Qxd4 23. Nxd4 Nd5 24. Nb5 f6 25. Rc4 Rxc4 26. bxc4 Nb6 27. Rd4 Nc5 0-1

[Event "WchT Seniors 65"]
[Site "Radebeul"]
[Date "2016.06.28"]
[Round "3.1"]
[White "Niebuhr, Gerd"]
[Black "Groschup, Gerhard"]
[Result "1/2-1/2"]
[WhiteElo "1931"]
[BlackElo "1999"]
[PlyCount "49"]
[EventDate "2016.06.26"]
[EventType "team-swiss"]
[EventRounds "9"]
[EventCountry "GER"]
[SourceTitle "CBM 173 Extra"]
[Source "ChessBase"]
[SourceDate "2016.08.29"]
[SourceVersion "1"]
[SourceVersionDate "2016.08.29"]
[SourceQuality "1"]
[WhiteTeam "Niedersachsen Freibauer"]
[BlackTeam "Dresden Striesen"]
[WhiteTeamCountry "GER"]
[BlackTeamCountry "GER"]

1. d4 d5 2. c4 e6 3. Nc3 Nf6 4. Nf3 Nbd7 5. cxd5 exd5 6. Bg5 Be7 7. e3 0-0 8. Bd3 c6 9. Qc2 h6 10. Bh4 Re8 11. 0-0 Ne4 12. Bxe4 Bxh4 13. Bh7+ Kh8 14. Bd3 Bf6 15. e4 dxe4 16. Nxe4 Nb6 17. Nxf6 Qxf6 18. Ne5 Be6 19. Rad1 Rad8 20. Be4 Bd5 21. Bxd5 Nxd5 22. Rfe1 Re7 23. Nf3 Rde8 24. Re5 g6 25. Rde1 1/2-1/2

[Event "Hessen-ch Seniors op 12th"]
[Site "Bad Sooden-Allendorf"]
[Date "2016.05.08"]
[Round "9"]
[White "Niebuhr, Gerd"]
[Black "Prause, Dieter"]
[Result "1/2-1/2"]
[WhiteElo "1972"]
[BlackElo "1772"]
[PlyCount "60"]
[EventDate "2016.04.30"]
[EventType "swiss"]
[EventRounds "9"]
[EventCountry "GER"]
[SourceTitle "EXT 2019"]
[Source "ChessBase"]
[SourceDate "2018.10.10"]
[SourceVersion "1"]
[SourceVersionDate "2018.10.10"]
[SourceQuality "1"]

1. d4 Nf6 2. c4 c6 3. Nc3 d5 4. Nf3 Nbd7 5. e3 e6 6. Bd3 Be7 7. 0-0 0-0 8. b3 Qc7 9. Bb2 e5 10. cxd5 exd4 11. Nxd4 Nxd5 12. Nxd5 cxd5 13. Rc1 Qd8 14. Qf3 Nf6 15. Nf5 Bxf5 16. Bxf5 Qd6 17. g3 g6 18. Bh3 Ne4 19. Qf4 Qxf4 20. gxf4 f5 21. Rc7 Rf7 22. Rfc1 Bd6 23. R7c2 Bb4 24. Bf1 Ba5 25. Be2 Bb6 26. Rd1 Rd8 27. Bd4 Bxd4 28. Rxd4 Rfd7 29. Bb5 Re7 30. Bc4 Red7 1/2-1/2

[Event "Hessen-ch Seniors op 12th"]
[Site "Bad Sooden-Allendorf"]
[Date "2016.05.06"]
[Round "7"]
[White "Niebuhr, Gerd"]
[Black "Huhn, Ulrich"]
[Result "1/2-1/2"]
[WhiteElo "1972"]
[BlackElo "1846"]
[PlyCount "53"]
[EventDate "2016.04.30"]
[EventType "swiss"]
[EventRounds "9"]
[EventCountry "GER"]
[SourceTitle "EXT 2019"]
[Source "ChessBase"]
[SourceDate "2018.10.10"]
[SourceVersion "1"]
[SourceVersionDate "2018.10.10"]
[SourceQuality "1"]

1. d4 d5 2. c4 c6 3. Nf3 Nf6 4. Qc2 dxc4 5. Qxc4 Qd5 6. Qxd5 cxd5 7. Nc3 Bd7 8. Ne5 Nc6 9. e3 e6 10. Nxd7 Kxd7 11. Bd3 Be7 12. Bd2 Rac8 13. Ke2 Rhd8 14. Rac1 Ke8 15. f3 e5 16. Bf5 exd4 17. Nb5 dxe3 18. Bxe3 Nd7 19. Nxa7 Nxa7 20. Bxa7 Ra8 21. Bd4 g6 22. Bxd7+ Kxd7 23. a3 Rdc8 24. Kd3 Bg5 25. Rxc8 Rxc8 26. Re1 Bf4 27. Be5 1/2-1/2

[Event "Hessen-ch Seniors op 12th"]
[Site "Bad Sooden-Allendorf"]
[Date "2016.05.04"]
[Round "5"]
[White "Niebuhr, Gerd"]
[Black "Neumann, Erwin"]
[Result "1/2-1/2"]
[WhiteElo "1972"]
[BlackElo "1847"]
[PlyCount "26"]
[EventDate "2016.04.30"]
[EventType "swiss"]
[EventRounds "9"]
[EventCountry "GER"]
[SourceTitle "EXT 2019"]
[Source "ChessBase"]
[SourceDate "2018.10.10"]
[SourceVersion "1"]
[SourceVersionDate "2018.10.10"]
[SourceQuality "1"]

1. d4 Nf6 2. c4 e6 3. Nc3 Bb4 4. Qc2 Nc6 5. Nf3 d5 6. e3 Ne4 7. a3 Bxc3+ 8. bxc3 0-0 9. Bd3 f5 10. 0-0 g6 11. cxd5 exd5 12. c4 Be6 13. Bb2 Na5 1/2-1/2

[Event "Hessen-ch Seniors op 12th"]
[Site "Bad Sooden-Allendorf"]
[Date "2016.05.01"]
[Round "2"]
[White "Zunker, Reinhard"]
[Black "Niebuhr, Gerd"]
[Result "1-0"]
[WhiteElo "2118"]
[BlackElo "1972"]
[PlyCount "83"]
[EventDate "2016.04.30"]
[EventType "swiss"]
[EventRounds "9"]
[EventCountry "GER"]
[SourceTitle "EXT 2019"]
[Source "ChessBase"]
[SourceDate "2018.10.10"]
[SourceVersion "1"]
[SourceVersionDate "2018.10.10"]
[SourceQuality "1"]

1. d4 Nf6 2. c4 e6 3. Nf3 b6 4. Nc3 Bb4 5. Qc2 Bb7 6. Nd2 c5 7. dxc5 bxc5 8. a3 Bxc3 9. Qxc3 a5 10. e4 Bxe4 11. Nxe4 Nxe4 12. Qxg7 Qf6 13. Qxf6 Nxf6 14. Bg5 Ne4 15. Be3 d6 16. 0-0-0 Ra6 17. Bd3 Nf6 18. f3 Nbd7 19. g4 Ne5 20. Be2 h5 21. g5 Nfd7 22. h4 Ke7 23. f4 Nc6 24. Rhg1 Nf8 25. Bd3 Ng6 26. Rh1 Rb6 27. Bc2 Nb8 28. Rdf1 Nd7 29. Bd2 Rhb8 30. Bc3 d5 31. cxd5 exd5 32. Re1+ Kd6 33. b3 Ra6 34. Bd2 d4 35. Bd3 Rab6 36. Bc4 Rxb3 37. Bxf7 Rb1+ 38. Kc2 R8b2+ 39. Kd3 c4+ 40. Kxc4 Nge5+ 41. fxe5+ Nxe5+ 42. Rxe5 1-0

[Event "Schleswig Holstein-ch Seniors op 9th"]
[Site "Buesum"]
[Date "2015.10.07"]
[Round "9"]
[White "Niebuhr, Gerd"]
[Black "Nickel, Juergen"]
[Result "1-0"]
[WhiteElo "1999"]
[BlackElo "1899"]
[PlyCount "53"]
[EventDate "2015.09.28"]
[EventType "swiss"]
[EventRounds "9"]
[EventCountry "GER"]
[SourceTitle "EXT 2018"]
[Source "ChessBase"]
[SourceDate "2017.10.13"]
[SourceVersion "1"]
[SourceVersionDate "2017.10.13"]
[SourceQuality "1"]

1. d4 Nf6 2. c4 e5 3. dxe5 Ng4 4. Nf3 Nc6 5. e3 Ngxe5 6. Be2 Bb4+ 7. Bd2 Qe7 8. 0-0 0-0 9. Nc3 Bxc3 10. Bxc3 Nxf3+ 11. Bxf3 Ne5 12. Be2 d6 13. Qd2 Be6 14. b3 f6 15. f4 Nd7 16. Bf3 Rab8 17. e4 Bf7 18. Rfe1 Rfe8 19. Rad1 Nc5 20. e5 dxe5 21. fxe5 fxe5 22. Rxe5 Ne6 23. Qe3 a6 24. Re1 Qf8 25. Bd5 Qc5 26. Qxc5 Nxc5 27. Rxe8+ 1-0

[Event "EU-chT Seniors"]
[Site "Vienna"]
[Date "2015.07.20"]
[Round "9.21"]
[White "Niebuhr, Gerd"]
[Black "Phillips, William"]
[Result "1/2-1/2"]
[WhiteElo "2029"]
[BlackElo "1898"]
[PlyCount "39"]
[EventDate "2015.07.12"]
[EventType "team-swiss"]
[EventRounds "9"]
[EventCountry "AUT"]
[SourceTitle "EXT 2018"]
[Source "ChessBase"]
[SourceDate "2017.10.13"]
[SourceVersion "1"]
[SourceVersionDate "2017.10.13"]
[SourceQuality "1"]
[WhiteTeam "Niedersachsen Freibauer"]
[BlackTeam "England IV"]
[WhiteTeamCountry "GER"]
[BlackTeamCountry "ENG"]

1. d4 Nf6 2. c4 e6 3. Nf3 b6 4. a3 Ba6 5. Qc2 Bb7 6. Nc3 c5 7. e4 cxd4 8. Nxd4 Nc6 9. Nxc6 dxc6 10. Be2 Be7 11. Bf4 0-0 12. 0-0 Qc8 13. e5 Nd7 14. Bf3 Rd8 15. Ne4 Nf8 16. Nd6 Bxd6 17. exd6 c5 18. Be4 f6 19. Rad1 Bxe4 20. Qxe4 1/2-1/2

[Event "EU-chT Seniors"]
[Site "Vienna"]
[Date "2015.07.15"]
[Round "4.18"]
[White "Jones, Iolo Cerredig"]
[Black "Niebuhr, Gerd"]
[Result "1-0"]
[WhiteElo "2164"]
[BlackElo "2029"]
[PlyCount "67"]
[EventDate "2015.07.12"]
[EventType "team-swiss"]
[EventRounds "9"]
[EventCountry "AUT"]
[SourceTitle "EXT 2018"]
[Source "ChessBase"]
[SourceDate "2017.10.13"]
[SourceVersion "1"]
[SourceVersionDate "2017.10.13"]
[SourceQuality "1"]
[WhiteTeam "Wales Dyfed"]
[BlackTeam "Niedersachsen Freibauer"]
[WhiteTeamCountry "WLS"]
[BlackTeamCountry "GER"]

1. d4 Nf6 2. Nf3 c5 3. d5 g6 4. Nc3 Bg7 5. e4 d6 6. Be2 0-0 7. 0-0 a6 8. a4 Bg4 9. Nd2 Bxe2 10. Qxe2 e6 11. Nc4 exd5 12. exd5 Re8 13. Qf3 Nbd7 14. Bf4 Ne5 15. Nxe5 dxe5 16. Bg5 h6 17. Bxf6 Qxf6 18. Qxf6 Bxf6 19. Ne4 Kg7 20. Rfd1 b6 21. a5 Bd8 22. Nd6 Re7 23. axb6 Bxb6 24. Nc4 Bd8 25. d6 Rb7 26. Ra2 f6 27. Rd5 Rb5 28. d7 Bc7 29. b3 Kf7 30. Nd6+ Bxd6 31. Rxd6 Rd8 32. Raxa6 Rb7 33. Rxf6+ Ke7 34. Rxg6 1-0

[Event "Langenhagen-ch op 17th"]
[Site "Langenhagen"]
[Date "2014.09.13"]
[Round "5"]
[White "Niebuhr, Gerd"]
[Black "Baum, Frank Christian"]
[Result "1/2-1/2"]
[WhiteElo "1859"]
[BlackElo "1594"]
[PlyCount "39"]
[EventDate "2014.06.14"]
[EventType "swiss"]
[EventRounds "7"]
[EventCountry "GER"]
[SourceTitle "EXT 2021"]
[Source "ChessBase"]
[SourceDate "2020.10.23"]
[SourceVersion "1"]
[SourceVersionDate "2020.10.23"]
[SourceQuality "1"]

1. d4 Nf6 2. c4 c5 3. d5 b5 4. e3 g6 5. b3 Bg7 6. Bb2 bxc4 7. Bxc4 d6 8. Ne2 0-0 9. 0-0 Nbd7 10. Nd2 Nb6 11. Nc3 Nfxd5 12. Nxd5 Bxb2 13. Nxb6 axb6 14. Rb1 Bg7 15. a4 Ba6 16. Qe2 Bxc4 17. Nxc4 d5 18. Rfd1 Qc7 19. Rxd5 Rfd8 20. Rbd1 1/2-1/2